Sự sinh trưởng của đất = Growth of the soil

保存先:
書誌詳細
第一著者: Hamsun, Knut
フォーマット: 図書
言語:Undetermined
出版事項: Hà Nội Thế giới 2006
主題:
タグ: タグ追加
タグなし, このレコードへの初めてのタグを付けませんか!
Thư viện lưu trữ: Trung tâm Học liệu Trường Đại học Cần Thơ
LEADER 00546nam a2200205Ia 4500
001 CTU_103385
008 210402s9999 xx 000 0 und d
082 |a 839.82 
082 |b H232 
100 |a Hamsun, Knut 
245 0 |a Sự sinh trưởng của đất = 
245 0 |b Growth of the soil 
245 0 |c Knut Hamsun 
260 |a Hà Nội 
260 |b Thế giới 
260 |c 2006 
650 |a Norwegian fiction 
650 |y 19th century 
904 |i Truc 
980 |a Trung tâm Học liệu Trường Đại học Cần Thơ